00876cam a22002411 450000100060000000300080000600500170001400800390003103500190007004000320008904100080012108200170012910000430014624500670018926000520025630000260030850000280033450400310036265100620039394200120045599900170046795201500048427007BD-RjUL20211209051111.0140213r19491934enk b 000 0 eng a(BD-RjUL)27078 aDLCcDLCdDLCdBD-RjULbeng aeng00a942.052bPIE1 aPickthorn, Kenneth,d1892-1975.95027210aEarly Tudor government : bHenry VIII /c Kenneth Pickthorn. aLondon :bOctagon Books,c1934 [reprinted 1951] axvi, 564 p. ;c24 cm. aReprint of the 1934 ed. aBibliography: p. [544]-564 0aGreat BritainxPolitics and governmenty1509-1547.950273 2ddccBK c27007d27007 00102ddc40728NFICaRUCLbRUCLcReadingd1955-09-29eB. H. Blackwell Ltd.g2.38l0o942.052 PIE 1951r2014-03-24 00:00:00tC-1w2021-12-09yBK